[Event "ITA-ch U20"]
[Site "Tarvisio"]
[Date "2023.07.09"]
[Round "9"]
[White "Fargetta, Chiara"]
[Black "Scurati, Maria"]
[Result "1-0"]
[WhiteElo "1187"]
[BlackElo "1142"]
[PlyCount "53"]
[EventDate "2023.07.02"]
[EventType "swiss"]
[EventRounds "9"]
[EventCountry "ITA"]
[SourceTitle "EXT 2024"]
[Source "ChessBase"]
[SourceDate "2023.10.10"]
[SourceVersion "1"]
[SourceVersionDate "2023.10.10"]
[SourceQuality "1"]

1. e4 e6 2. d4 d5 3. exd5 exd5 4. c4 Nf6 5. Nc3 Nc6 6. Nf3 dxc4 7. Bxc4 Be7 8. d5 Na5 9. Be2 c6 10. dxc6 Qxd1+ 11. Bxd1 Nxc6 12. Bc2 Be6 13. Bf4 Rd8 14. 0-0 Bd6 15. Bg5 h6 16. Bh4 g5 17. Bg3 Bxg3 18. fxg3 Ke7 19. Rae1 Kd7 20. Nxg5 hxg5 21. Rxf6 Kc7 22. Bf5 Bxf5 23. Rxf5 Rh7 24. Rxg5 Rd2 25. Nd5+ Kd8 26. Rg8+ Kd7 27. Nf6+ 1-0

[Event "ITA-ch U20"]
[Site "Tarvisio"]
[Date "2023.07.06"]
[Round "6"]
[White "Fargetta, Chiara"]
[Black "Mrad, Anahid"]
[Result "0-1"]
[WhiteElo "1187"]
[BlackElo "1197"]
[PlyCount "48"]
[EventDate "2023.07.02"]
[EventType "swiss"]
[EventRounds "9"]
[EventCountry "ITA"]
[SourceTitle "EXT 2024"]
[Source "ChessBase"]
[SourceDate "2023.10.10"]
[SourceVersion "1"]
[SourceVersionDate "2023.10.10"]
[SourceQuality "1"]

1. e4 e5 2. Nf3 Nc6 3. Bc4 Nf6 4. Nc3 Nxe4 5. Nxe4 d5 6. Bd3 dxe4 7. Bxe4 Bc5 8. 0-0 0-0 9. Bxc6 bxc6 10. Nxe5 Qd5 11. Nf3 Bg4 12. d3 Bd6 13. h3 Bh5 14. Re1 Rfe8 15. Bd2 Rxe1+ 16. Bxe1 Re8 17. Bc3 Re6 18. d4 Rg6 19. g4 f5 20. Nh4 Bxg4 21. hxg4 Rxg4+ 22. Kf1 Rxh4 23. Ke2 Qe4+ 24. Kd2 Bf4# 0-1

[Event "ITA-ch U20"]
[Site "Tarvisio"]
[Date "2023.07.05"]
[Round "4"]
[White "Fargetta, Chiara"]
[Black "Cara Romeo, Lavinia"]
[Result "1/2-1/2"]
[WhiteElo "1187"]
[BlackElo "1525"]
[PlyCount "70"]
[EventDate "2023.07.02"]
[EventType "swiss"]
[EventRounds "9"]
[EventCountry "ITA"]
[SourceTitle "EXT 2024"]
[Source "ChessBase"]
[SourceDate "2023.10.10"]
[SourceVersion "1"]
[SourceVersionDate "2023.10.10"]
[SourceQuality "1"]

1. e4 c5 2. c3 d5 3. exd5 Qxd5 4. d4 cxd4 5. cxd4 Qd8 6. Nc3 Nf6 7. Nf3 e6 8. Bd3 a6 9. 0-0 Be7 10. Re1 0-0 11. Ne5 b5 12. Ne4 Bb7 13. Nxf6+ Bxf6 14. Be4 Bxe4 15. Rxe4 Qd5 16. Qg4 Nc6 17. Nxc6 Qxc6 18. Rf4 Kh8 19. h4 Rad8 20. Rxf6 gxf6 21. Qf4 e5 22. dxe5 fxe5 23. Qxe5+ f6 24. Qh5 Rg8 25. g3 Qd5 26. Qh6 Qf5 27. Be3 Rg6 28. Qf4 Qxf4 29. Bxf4 Rd4 30. Kf1 Rg7 31. Re1 Rgd7 32. Re6 Kg7 33. Rxa6 Rd1+ 34. Kg2 Rb1 35. b3 Rb2 1/2-1/2